00481nam a2200181Ia 450000500170000000800410001702000150005808200190007324500470009226000560013930000160019565000130021165000120022465000120023665000120024865000190026070000200027920250312064147.0240331s9999 xx 000 0 und d a155786473X a301bSOC22549 0aSocial Theory and the Politics of Identity aMassachusetts;aOxford,bBlackwell Publishersc1994 aix, 350 p., aPolitics aSociety aHistory aMarxism aPsychoanalysis aCalhoun, Ceedt